000 00430nam a22001097a 4500
999 _c508519
_d508519
082 _aBA27x5411 As72t/1983-84
100 _aAssam. Department for Welfare of Plains Tribes and Backward Classes
_92570
245 _aRevised Annual Plan- Tribal Sub-Plan 1983-84
_cby Department for Welfare of Plains Tribes and Backward Classes
260 _aDispur
_bGovernment of Assam
_c1983
300 _av.p.
650 _aPlan, Annual - Tribal
_92571